Statistieken voor Winnaars van de Tour de France

Klik hier om de quiz te nemen!

Algemene statistieken

  • Deze quiz is 610 keer genomen
    (558 sinds de laatste reset)
  • De gemiddelde score is 21 van 66

Antwoordstatistieken

Jaar/JarenLandWinnaar% Correct
2020, 2021SloveniëTadej Pogačar
83%
1999*, 2000*, 2001*, 2002*, 2003*, 2004*, 2005*Verenigde StatenLance Armstrong
82%
1969, 1970, 1971, 1972, 1974BelgiëEddy Merckx
81%
2013, 2015, 2016, 2017
Verenigd KoninkrijkChris Froome
80%
2022, 2023DenemarkenJonas Vingegaard
79%
1980NederlandJoop Zoetemelk
67%
2007, 2009, 2010*SpanjeAlberto Contador
66%
2010LuxemburgAndy Schleck
59%
2019ColombiaEgan Bernal
59%
2014ItaliëVincenzo Nibali
59%
2018Verenigd KoninkrijkGeraint Thomas
57%
2012Verenigd KoninkrijkBradley Wiggins
56%
1978, 1979, 1981, 1982, 1985FrankrijkBernard Hinault
53%
2011AustraliëCadel Evans
49%
1968NederlandJan Janssen
48%
1991, 1992, 1993, 1994, 1995SpanjeMiguel Indurain
48%
1997DuitslandJan Ullrich
45%
1986, 1989, 1990Verenigde StatenGreg LeMond
43%
1998ItaliëMarco Pantani
41%
1976BelgiëLucien Van Impe
39%
1996DenemarkenBjarne Riis
38%
1983, 1984FrankrijkLaurent Fignon
36%
1957, 1961, 1962, 1963, 1964FrankrijkJacques Anquetil
35%
1949, 1952ItaliëFausto Coppi
32%
1987IerlandStephen Roche
31%
2008SpanjeCarlos Sastre
29%
1975, 1977FrankrijkBernard Thévenet
27%
1959SpanjeFederico Bahamontes
26%
1988SpanjePedro Delgado
26%
2006*Verenigde StatenFloyd Landis
25%
1938, 1948ItaliëGino Bartali
25%
1973SpanjeLuis Ocaña
25%
1953, 1954, 1955FrankrijkLouison Bobet
24%
2006SpanjeÓscar Pereiro
24%
1958LuxemburgCharly Gaul
22%
1965ItaliëFelice Gimondi
22%
1935BelgiëRomain Maes
22%
1936, 1939BelgiëSylvère Maes
22%
1950ZwitserlandFerdinand Kübler
20%
1903FrankrijkMaurice Garin
19%
1913, 1914, 1920BelgiëPhilippe Thys
18%
1951ZwitserlandHugo Koblet
17%
1966FrankrijkLucien Aimar
17%
1967FrankrijkRoger Pingeon
17%
1931, 1934FrankrijkAntonin Magne
16%
1919, 1922BelgiëFirmin Lambot
16%
1960ItaliëGastone Nencini
16%
1904FrankrijkHenri Cornet
16%
1947FrankrijkJean Robic
16%
1907, 1908FrankrijkLucien Petit-Breton
16%
1909LuxemburgFrançois Faber
15%
1905FrankrijkLouis Trousselier
15%
1926BelgiëLucien Buysse
15%
1929BelgiëMaurice De Waele
15%
1927, 1928LuxemburgNicolas Frantz
15%
1912BelgiëOdile Defraye
15%
1956FrankrijkRoger Walkowiak
15%
1930, 1932FrankrijkAndré Leducq
14%
1933FrankrijkGeorges Speicher
14%
1911FrankrijkGustave Garrigou
14%
1923FrankrijkHenri Pélissier
14%
1921BelgiëLéon Scieur
14%
1910FrankrijkOctave Lapize
14%
1924, 1925ItaliëOttavio Bottecchia
14%
1906FrankrijkRené Pottier
14%
1937FrankrijkRoger Lapébie
14%

Scoreverdeling

Percentiel versus Aantal Correcte Antwoorden

Procent van Mensen met Elke Score

Uw Scoregeschiedenis

U heeft deze quiz nog niet genomen sinds de laatste reset